| 000 | 00413cam a2200169ua 4500 | ||
|---|---|---|---|
| 020 | _a0-246-11788-5 | ||
| 041 |
_aeng _h |
||
| 082 |
_a631.8 _bCOO/FE |
||
| 100 | _aCooke, G W . | ||
| 245 |
_aFertilizing for maximum yield, PArt 1 & 2 / _cG W Cooke. _hTextual Documents |
||
| 250 |
_a3 / _b. |
||
| 260 |
_aLondon : _bGranada , _c1982. |
||
| 300 | _a465 ; . | ||
| 504 | _a | ||
| 942 | _cBK | ||
| 999 |
_c9662 _d9662 |
||